Library Banner

Niyat aur amal(Misc)(نیت اور عمل)/ (Record no. 103471)

MARC details
000 -LEADER
fixed length control field 00383nam a22001457a 4500
005 - DATE AND TIME OF LATEST TRANSACTION
control field 20180227134150.0
008 - FIXED-LENGTH DATA ELEMENTS--GENERAL INFORMATION
fixed length control field 180219b xxu||||| |||| 00| 0 eng d
040 ## - CATALOGING SOURCE
Transcribing agency PK-LaUMT
082 ## - DEWEY DECIMAL CLASSIFICATION NUMBER
Classification number PKAC 297
Item number KHU-N
100 ## - MAIN ENTRY--PERSONAL NAME
Personal name Khurram Murad
245 ## - TITLE STATEMENT
Title Niyat aur amal(Misc)(نیت اور عمل)/
Statement of responsibility, etc Khurram Murad
260 ## - PUBLICATION, DISTRIBUTION, ETC. (IMPRINT)
Place of publication, distribution, etc لاہور:
Name of publisher, distributor, etc منشورات
300 ## - PHYSICAL DESCRIPTION
Extent 64
942 ## - ADDED ENTRY ELEMENTS (KOHA)
Koha item type Books
Holdings
Withdrawn status Lost status Damaged status Home library Current library Date acquired Full call number Barcode Date last seen Price effective from Koha item type
      UMT Main Campus UMT Main Campus 2018-02-19 PKAC 297 KHU-N 119623 2018-02-19 2018-02-19 Books